The effectiveness of training strategies employed by Industrial Companies at the Cavite Export Processing Zone : Inputs for Curriculum Development / (Record no. 4230)

MARC details
000 -LEADER
fixed length control field 01237nam a22002657a 4500
003 - CONTROL NUMBER IDENTIFIER
control field OSt
005 - DATE AND TIME OF LATEST TRANSACTION
control field 20250425213554.0
008 - FIXED-LENGTH DATA ELEMENTS--GENERAL INFORMATION
fixed length control field 250425b ||||| |||| 00| 0 eng d
040 ## - CATALOGING SOURCE
Language of cataloging English.
Transcribing agency CvSU-CCAT Campus Library.
Description conventions rda.
050 ## - LIBRARY OF CONGRESS CALL NUMBER
Classification number UM HF 5549.5.T7
Item number M47 1996
100 ## - MAIN ENTRY--PERSONAL NAME
Personal name Mercado, Ma. Corazon Y., author.
9 (RLIN) 15696
245 ## - TITLE STATEMENT
Title The effectiveness of training strategies employed by Industrial Companies at the Cavite Export Processing Zone : Inputs for Curriculum Development /
Statement of responsibility, etc. Ma. Corazon Y. Mercado.
260 ## - PUBLICATION, DISTRIBUTION, ETC.
Place of publication, distribution, etc. Manila :
Name of publisher, distributor, etc. Technological University of the Philippines,
Date of publication, distribution, etc. 1996.
300 ## - PHYSICAL DESCRIPTION
Extent xii, 78 leaves :
Other physical details illustrations ;
Dimensions 28 cm
500 ## - GENERAL NOTE
General note A Dissertation (Graduate School) -- Technological University of the Philippines, 1996.
504 ## - BIBLIOGRAPHY, ETC. NOTE
Bibliography, etc. note Includes bibliographical references and appendices.
546 ## - LANGUAGE NOTE
Language note In English text
650 ## - SUBJECT ADDED ENTRY--TOPICAL TERM
Topical term or geographic name entry element Employee training -- Philippines -- Cavite Export Processing Zone.
9 (RLIN) 16429
650 ## - SUBJECT ADDED ENTRY--TOPICAL TERM
Topical term or geographic name entry element Curriculum development.
9 (RLIN) 9628
650 ## - SUBJECT ADDED ENTRY--TOPICAL TERM
Topical term or geographic name entry element Industrial training strategies.
9 (RLIN) 16430
650 ## - SUBJECT ADDED ENTRY--TOPICAL TERM
Topical term or geographic name entry element Educational assessment.
9 (RLIN) 13816
650 ## - SUBJECT ADDED ENTRY--TOPICAL TERM
Topical term or geographic name entry element Workplace development.
9 (RLIN) 16431
942 ## - ADDED ENTRY ELEMENTS (KOHA)
Source of classification or shelving scheme Library of Congress Classification
Koha item type Thesis/Manuscripts/Dissertations
Classification part HF 5549.5.T7 M47 1996
Call number prefix UM
Holdings
Withdrawn status Lost status Source of classification or shelving scheme Damaged status Not for loan Collection code Home library Current library Shelving location Date acquired Coded location qualifier Total Checkouts Full call number Barcode Date last seen Price effective from Koha item type
    Library of Congress Classification     Thesis/Manuscript/Dissertation Cavite State University - CCAT Campus Cavite State University - CCAT Campus TH 03/28/2003 UM   UM HF 5549.5.T7 M47 1996 T0007796 10/24/2025 04/25/2025 Thesis/Manuscripts/Dissertations